[Event "CAN op"]
[Site "Calgary CAN"]
[Date "2023.07.25"]
[Round "5.5"]
[White "Atanasov, Anthony"]
[Black "Mendes, Aaron Reeve"]
[Result "1/2-1/2"]
[WhiteElo "2405"]
[BlackElo "2305"]
[PlyCount "184"]
[EventDate "2023.07.22"]
[EventType "swiss"]
[EventRounds "10"]
[EventCountry "CAN"]

1. d4 d5 2. Nf3 Nf6 3. a3 e6 4. Bf4 Bd6 5. e3 O-O 6. Nbd2 c5 7. dxc5 Bxc5 8. c4
Nc6 9. Bd3 Bd6 10. Bxd6 Qxd6 11. O-O b6 12. Qc2 dxc4 13. Nxc4 Qe7 14. Nxb6 axb6
15. Qxc6 Bb7 16. Qxb6 Rab8 17. Qa7 Ra8 18. Qb6 Rab8 19. Qd4 Rfd8 20. Qe5 Bxf3
21. gxf3 Qb7 22. Be4 Nxe4 23. fxe4 Qxb2 24. Qxb2 Rxb2 25. Rfd1 Ra8 26. Rd7 h6
27. Rc1 Rxa3 28. Rc8+ Kh7 29. Rxf7 Ra5 30. h4 Kg6 31. Rcc7 Kh5 32. Rxg7 Rb4 33.
Rcf7 Rxe4 34. Rf6 Rf5 35. Rgf7 Rxf6 36. Rxf6 Kxh4 37. Rxh6+ Kg5 38. Rh8 Rc4 39.
Rf8 Rb4 40. Kg2 Ra4 41. Kg3 Rg4+ 42. Kf3 Ra4 43. e4 Ra3+ 44. Ke2 Kg6 45. e5 Kg5
46. Rf6 Ra6 47. Kf3 Ra3+ 48. Ke4 Ra4+ 49. Ke3 Ra3+ 50. Kd4 Ra2 51. Kc5 Rd2 52.
Kc6 Kg4 53. f3+ Kg5 54. Rxe6 Kf5 55. Re8 Rd1 56. Kc5 Rd2 57. Kc4 Rd1 58. Kc3
Rd5 59. e6 Rd6 60. e7 Ke6 61. Kc4 Rd1 62. Kc3 Rd7 63. Rh8 Rxe7 64. Kd4 Kf5 65.
Rf8+ Kg6 66. Kd5 Kg7 67. Rf5 Kg6 68. Rf4 Kg5 69. Rf8 Kg6 70. Rf4 Kg5 71. Rf8
Kg6 72. Kd4 Kg5 73. Kd3 Kg6 74. Rf4 Kg5 75. Re4 Ra7 76. Ke3 Ra3+ 77. Kf2 Kf5
78. Kg3 Ra1 79. Rf4+ Kg5 80. Rc4 Rg1+ 81. Kf2 Ra1 82. Rc8 Ra2+ 83. Kg3 Ra4 84.
Rf8 Kg6 85. Rb8 Kf5 86. Rb5+ Kf6 87. f4 Ra1 88. Rb8 Rg1+ 89. Kf2 Ra1 90. Rf8+
Kg7 91. Rf5 Kg6 92. Rc5 Ra3 1/2-1/2

[Event "CAN op"]
[Site "Calgary CAN"]
[Date "2023.07.26"]
[Round "6.9"]
[White "Yang, Ryan"]
[Black "Atanasov, Anthony"]
[Result "1/2-1/2"]
[WhiteElo "2217"]
[BlackElo "2405"]
[PlyCount "88"]
[EventDate "2023.07.22"]
[EventType "swiss"]
[EventRounds "10"]
[EventCountry "CAN"]

1. e4 e5 2. Nc3 Nc6 3. Bb5 Nd4 4. Bc4 c6 5. Nf3 Nf6 6. Nxe5 d5 7. exd5 Bd6 8.
Nf3 Qe7+ 9. Be2 Nxf3+ 10. gxf3 Nxd5 11. Nxd5 cxd5 12. d4 O-O 13. Be3 a5 14. Qd2
a4 15. a3 Bd7 16. h4 b5 17. c3 f5 18. f4 Rfc8 19. Kf1 Ra6 20. Bf3 Qf7 21. Rh3
Bc7 22. Kg2 Re8 23. Rg1 Rg6+ 24. Kf1 Rg4 25. Bxg4 fxg4 26. Rhg3 h5 27. f3 Rxe3
28. Qxe3 Bxf4 29. Qe2 Qf6 30. R3g2 Bd6 31. Qe3 Kh8 32. Ke2 Bf4 33. Qf2 b4 34.
Kd1 bxa3 35. bxa3 Qg6 36. Qc2 Bf5 37. Qxa4 Bb1 38. Qb5 g3 39. Re1 Kh7 40. Reg1
Qf5 41. a4 Be3 42. Qe2 Bxg1 43. Rxg1 Bd3 44. Qe3 Bc4 1/2-1/2

[Event "CAN op"]
[Site "Calgary CAN"]
[Date "2023.07.27"]
[Round "7.10"]
[White "Atanasov, Anthony"]
[Black "Nguyen, Kim"]
[Result "1-0"]
[WhiteElo "2405"]
[BlackElo "2145"]
[PlyCount "191"]
[EventDate "2023.07.22"]
[EventType "swiss"]
[EventRounds "10"]
[EventCountry "CAN"]

1. d4 Nf6 2. c4 e6 3. Nf3 d5 4. cxd5 exd5 5. Qc2 c6 6. Nc3 Bb4 7. a3 Bd6 8. Bg5
Nbd7 9. e3 a5 10. Bd3 h6 11. Bh4 Qc7 12. Rc1 Qb8 13. O-O O-O 14. Rb1 Ra7 15. b4
axb4 16. axb4 Qa8 17. b5 Re8 18. Rfe1 Ra3 19. Bg3 Bxg3 20. hxg3 c5 21. dxc5
Nxc5 22. Be2 b6 23. Red1 Bb7 24. Qb2 Qa5 25. Ra1 Ra8 26. Rxa3 Qxa3 27. Qc2 Rc8
28. Nb1 Qb4 29. Qc3 Qxc3 30. Nxc3 Ra8 31. Nd4 Ra3 32. Nb1 Ra2 33. f3 g6 34. Kf2
h5 35. Rd2 Ra1 36. Rb2 Kf8 37. Nc2 Ra4 38. Nc3 Ra8 39. Ra2 Rc8 40. Ra7 Ra8 41.
Rxa8+ Bxa8 42. Nd4 Ke7 43. Bd1 Kd6 44. Ke2 Bb7 45. Kd2 Nfd7 46. Na4 Kc7 47. Nb2
Ne5 48. Kc3 Kd6 49. Be2 Ned7 50. Kb4 Ne5 51. Kc3 Ned7 52. Bd1 Ne5 53. Bc2 Ned7
54. Ne2 Ne5 55. Kb4 Bc8 56. Nd4 Bb7 57. Bb1 Ned7 58. Ba2 Ne5 59. Kc3 Bc8 60.
Nd1 Na4+ 61. Kc2 Bd7 62. Nf2 Nc5 63. Kc3 Na4+ 64. Kb4 Nc5 65. Bb1 Bc8 66. f4
Ng4 67. Nd1 Bd7 68. Nf3 Ne4 69. Bxe4 dxe4 70. Nd2 f5 71. Nc4+ Kc7 72. Ndb2 Be6
73. Kc3 Bd7 74. Kb4 Be6 75. Nd1 Nf6 76. Nc3 Ng4 77. Nd1 Nf6 78. Kc3 Bd7 79. Na3
Ne8 80. Kd4 Nd6 81. Nc3 Be6 82. Ke5 Kd7 83. Kf6 Bf7 84. Nc2 Bb3 85. Nd4 Bf7 86.
Nc6 Be8 87. Ne7 Nc4 88. Nd1 Kd6 89. Nxg6 Bxg6 90. Kxg6 Ke6 91. Kxh5 Nd6 92. Kg6
Kd5 93. g4 fxg4 94. f5 Ke5 95. f6 g3 96. Nc3 1-0

[Event "CAN op"]
[Site "Calgary CAN"]
[Date "2023.07.28"]
[Round "8.6"]
[White "Tolentino, Patrick Angelo"]
[Black "Atanasov, Anthony"]
[Result "1/2-1/2"]
[WhiteElo "2201"]
[BlackElo "2405"]
[PlyCount "114"]
[EventDate "2023.07.22"]
[EventType "swiss"]
[EventRounds "10"]
[EventCountry "CAN"]

1. d4 Nf6 2. c4 g6 3. Nc3 d5 4. cxd5 Nxd5 5. e4 Nxc3 6. bxc3 Bg7 7. Bc4 c5 8.
Ne2 Nc6 9. Be3 O-O 10. O-O b6 11. Rc1 Bb7 12. Bb5 Qc8 13. dxc5 a6 14. Bxc6 Qxc6
15. Qd5 Qc8 16. Qb3 bxc5 17. f3 a5 18. Qb6 Ra6 19. Qxc5 Bh6 20. Rc2 Rc6 21. Qa7
Ra6 22. Qc5 Rc6 23. Qa7 Qb8 24. Kh1 Qxa7 25. Bxa7 Ba6 26. Bd4 Rb8 27. Rd1 Rd8
28. Re1 f6 29. e5 a4 30. a3 Kf7 31. Rb2 Re6 32. f4 Bxe2 33. Rbxe2 Bxf4 34. Rf1
Bh6 35. Rb2 Bg7 36. Rb4 Ra8 37. g4 h6 38. h4 g5 39. h5 Rc6 40. Kg2 Ke6 41. exf6
Bxf6 42. Bxf6 exf6 43. Rf3 Ra5 44. Re3+ Re5 45. Rd3 Rd5 46. Re3+ Re5 47. Rd3
Ra6 48. Rd8 Re2+ 49. Kf3 Rc2 50. Re4+ Kf7 51. Rd7+ Kf8 52. Rc4 Re6 53. Rc8+ Re8
54. Rc6 Kg8 55. Rcc7 Rce2 56. Rg7+ Kh8 57. Rh7+ Kg8 1/2-1/2

[Event "CAN op"]
[Site "Calgary CAN"]
[Date "2023.07.29"]
[Round "9.7"]
[White "Atanasov, Anthony"]
[Black "Soberov, Emil"]
[Result "1-0"]
[WhiteElo "2405"]
[BlackElo "2280"]
[PlyCount "127"]
[EventDate "2023.07.22"]
[EventType "swiss"]
[EventRounds "10"]
[EventCountry "CAN"]

1. e4 c6 2. d4 d5 3. exd5 cxd5 4. Bd3 Nc6 5. c3 Nf6 6. Nf3 Bg4 7. h3 Bh5 8. Bf4
e6 9. O-O Bd6 10. Bxd6 Qxd6 11. Nbd2 O-O 12. Re1 Rfe8 13. Qb1 e5 14. dxe5 Nxe5
15. Nxe5 Rxe5 16. Qc2 Rae8 17. Rxe5 Qxe5 18. Qa4 a6 19. Nf1 Bg6 20. Bxg6 hxg6
21. Ne3 Qe6 22. Rd1 Rd8 23. Qa5 Rd7 24. Rd4 Qc6 25. a4 Rd6 26. Qb4 Rd7 27. a5
Qe6 28. Qb3 Qc6 29. Qb4 Qe6 30. Qc5 Ne4 31. Qc8+ Kh7 32. c4 Qf6 33. Rxe4 Rd8
34. Nxd5 Rxc8 35. Nxf6+ gxf6 36. Re7 Kg7 37. b3 Rc5 38. Rxb7 Rxa5 39. g4 Ra2
40. b4 Rc2 41. c5 a5 42. bxa5 Rxc5 43. a6 Ra5 44. a7 g5 45. Kg2 Ra3 46. f3 Ra2+
47. Kf1 Kg6 48. Ke1 Kg7 49. Kd1 Kg6 50. Kc1 f5 51. gxf5+ Kxf5 52. Rxf7+ Kg6 53.
Rc7 Kf5 54. Kb1 Ra6 55. Kb2 Kf4 56. Kb3 Kxf3 57. Rg7 Kf4 58. Kb4 Ra1 59. Kb5
Rb1+ 60. Kc6 Ra1 61. Kb7 Rb1+ 62. Kc8 Rc1+ 63. Kb8 Rb1+ 64. Rb7 1-0

[Event "CAN op"]
[Site "Calgary CAN"]
[Date "2023.07.30"]
[Round "10.3"]
[White "Atanasov, Anthony"]
[Black "Mikhalevski, Victor"]
[Result "1-0"]
[WhiteElo "2405"]
[BlackElo "2599"]
[PlyCount "101"]
[EventDate "2023.07.22"]
[EventType "swiss"]
[EventRounds "10"]
[EventCountry "CAN"]

1. d4 Nf6 2. Nf3 g6 3. c4 Bg7 4. Nc3 d5 5. cxd5 Nxd5 6. e4 Nxc3 7. bxc3 c5 8.
Be2 Nc6 9. d5 Bxc3+ 10. Bd2 Bxa1 11. Qxa1 Nd4 12. Nxd4 cxd4 13. Qxd4 O-O 14.
O-O Qb6 15. Qd3 Bd7 16. Rb1 Qa6 17. Qe3 Qxa2 18. Rxb7 Rfb8 19. Rxd7 Rb1+ 20.
Bf1 Qa6 21. h4 Rxf1+ 22. Kh2 Qf6 23. Kg3 Qe5+ 24. f4 Qh5 25. Bb4 g5 26. fxg5
Rh1 27. Qf4 Qe2 28. Rxe7 Rf1 29. Qd2 Qxd2 30. Bxd2 a5 31. Kg4 Rd1 32. Bc3 a4
33. e5 Rc8 34. Bb2 Rb8 35. Bc3 Rd3 36. Rc7 a3 37. e6 a2 38. Bf6 Rxd5 39. Rxf7
Rf8 40. Rg7+ Kh8 41. e7 h5+ 42. gxh6 Re8 43. Rf7+ Kg8 44. Rf8+ Rxf8 45. h7+
Kxh7 46. exf8=Q Rd7 47. Qh8+ Kg6 48. h5+ Kf7 49. Qg7+ Ke6 50. Qxd7+ Kxd7 51.
Ba1 1-0

[Event "Charlotte Super Swiss"]
[Site "Charlotte USA"]
[Date "2023.07.09"]
[Round "1"]
[White "Padhye, Rohan"]
[Black "Atanasov, Anthony"]
[Result "1/2-1/2"]
[WhiteElo "2136"]
[BlackElo "2367"]
[PlyCount "86"]
[EventDate "2023.07.09"]
[EventType "swiss"]
[EventRounds "9"]
[EventCountry "USA"]
[Source "ChessMix"]
[SourceDate "2023.07.20"]
[TimeControl "5400+30"]

1. e4 {[%emt 0:00:04]} e5 {[%emt 0:00:54]} 2. Nf3 {[%emt 0:00:09]} Nf6 {
[%emt 0:00:20]} 3. d4 {[%emt 0:00:36]} Nxe4 {[%emt 0:00:29]} 4. Bd3 {
[%emt 0:00:12]} d5 {[%emt 0:00:13]} 5. Nxe5 {[%emt 0:00:21]} Nd7 {
[%emt 0:00:54]} 6. Nc3 {[%emt 0:00:27]} Nxe5 {[%emt 0:01:08]} 7. dxe5 {
[%emt 0:00:17]} Bb4 {[%emt 0:00:18]} 8. O-O {[%emt 0:01:07]} Nxc3 {
[%emt 0:00:22]} 9. bxc3 {[%emt 0:00:10]} Bxc3 {[%emt 0:00:09]} 10. Rb1 {
[%emt 0:00:07]} O-O {[%emt 0:00:10]} 11. Bxh7+ {[%emt 0:00:31]} Kxh7 {
[%emt 0:00:03]} 12. Qd3+ {[%emt 0:00:10]} Kg8 {[%emt 0:00:08]} 13. Qxc3 {
[%emt 0:00:06]} a5 {[%emt 0:00:03]} 14. Qg3 {[%emt 0:00:27]} Ra6 {
[%emt 0:00:20]} 15. Bg5 {[%emt 0:00:18]} Qd7 {[%emt 0:00:06]} 16. f4 {
[%emt 0:00:17]} Qf5 {[%emt 0:01:26]} 17. Rb3 {[%emt 0:00:12]} Rg6 {
[%emt 0:05:10]} 18. Qf2 {[%emt 0:00:13]} Qe4 {[%emt 0:07:11]} 19. h4 {
[%emt 0:07:42]} Rc6 {[%emt 0:09:36]} 20. Qg3 {[%emt 0:04:46]} Rxc2 {
[%emt 0:13:10]} 21. Bf6 {[%emt 0:12:49]} Qh7 {[%emt 0:09:48]} 22. Qg5 {
[%emt 0:00:50]} Qg6 {[%emt 0:01:44]} 23. Rg3 {[%emt 0:14:09]} gxf6 {
[%emt 0:06:56]} 24. exf6 {[%emt 0:00:52]} Rd8 {[%emt 0:19:34]} 25. Rff3 {
[%emt 0:02:45]} Kh8 {[%emt 0:10:05]} 26. Qe5 {[%emt 0:04:11]} Rc1+ {
[%emt 0:00:12]} 27. Kh2 {[%emt 0:01:05]} Qb1 {[%emt 0:01:01]} 28. Qh5+ {
[%emt 0:03:51]} Qh7 {[%emt 0:00:08]} 29. Rg5 {[%emt 0:04:56]} Rc6 {
[%emt 0:01:31]} 30. Re3 {[%emt 0:04:42]} Rxf6 {[%emt 0:00:57]} 31. Qe2 {
[%emt 0:01:16]} Be6 {[%emt 0:03:55]} 32. Rh5 {[%emt 0:03:14]} Rh6 {
[%emt 0:00:11]} 33. Ree5 {[%emt 0:00:31]} Kg8 {[%emt 0:01:42]} 34. Reg5+ {
[%emt 0:03:48]} Kf8 {[%emt 0:00:10]} 35. f5 {[%emt 0:00:22]} Bc8 {
[%emt 0:03:07]} 36. f6 {[%emt 0:02:54]} Be6 {[%emt 0:00:01]} 37. Qe5 {
[%emt 0:01:01]} Rd6 {[%emt 0:03:12]} 38. Rxh6 {[%emt 0:02:00]} Qxh6 {
[%emt 0:00:00]} 39. Rh5 {[%emt 0:00:16]} Qxh5 {[%emt 0:00:02]} 40. Qxh5 {
[%emt 0:00:09]} Ke8 {[%emt 0:00:01]} 41. Qe2 {[%emt 0:03:03]} d4 {
[%emt 0:00:14]} 42. Qb5+ {[%emt 0:00:23]} Kd8 {[%emt 0:01:12]} 43. Qd3 {
[%emt 0:04:27]} Rd5 {[%emt 0:00:02]} 1/2-1/2

[Event "Charlotte Super Swiss"]
[Site "Charlotte USA"]
[Date "2023.07.10"]
[Round "2"]
[White "Atanasov, Anthony"]
[Black "Doknjas, Neil"]
[Result "1-0"]
[WhiteElo "2367"]
[BlackElo "2126"]
[PlyCount "131"]
[EventDate "2023.07.09"]
[EventType "swiss"]
[EventRounds "9"]
[EventCountry "USA"]
[Source "ChessMix"]
[SourceDate "2023.07.20"]
[TimeControl "5400+30"]

1. d4 {[%emt 0:00:01]} d5 {[%emt 0:01:01]} 2. Bf4 {[%emt 0:00:12]} c5 {
[%emt 0:00:42]} 3. Nf3 {[%emt 0:00:46]} Nc6 {[%emt 0:01:49]} 4. e3 {
[%emt 0:00:13]} cxd4 {[%emt 0:00:31]} 5. Nxd4 {[%emt 0:02:29]} f6 {
[%emt 0:08:33]} 6. c4 {[%emt 0:01:27]} e5 {[%emt 0:01:54]} 7. Nxc6 {
[%emt 0:00:16]} bxc6 {[%emt 0:00:14]} 8. Bg3 {[%emt 0:00:02]} d4 {
[%emt 0:18:07]} 9. Nd2 {[%emt 0:17:27]} dxe3 {[%emt 0:06:16]} 10. fxe3 {
[%emt 0:00:02]} Qb6 {[%emt 0:00:31]} 11. Qh5+ {[%emt 0:02:47]} g6 {
[%emt 0:00:33]} 12. Qf3 {[%emt 0:00:02]} Bc5 {[%emt 0:10:42]} 13. Bd3 {
[%emt 0:01:14]} Be6 {[%emt 0:17:04]} 14. O-O-O {[%emt 0:20:56]} O-O-O {
[%emt 0:01:53]} 15. e4 {[%emt 0:11:13]} Be3 {[%emt 0:02:00]} 16. Kc2 {
[%emt 0:01:30]} h5 {[%emt 0:05:23]} 17. h3 {[%emt 0:02:39]} h4 {[%emt 0:04:01]}
18. Bh2 {[%emt 0:01:09]} Rh7 {[%emt 0:09:26]} 19. Nb3 {[%emt 0:02:36]} Rhd7 {
[%emt 0:01:46]} 20. Rhe1 {[%emt 0:00:59]} Bc5 {[%emt 0:03:35]} 21. Nxc5 {
[%emt 0:00:41]} Qxc5 {[%emt 0:00:01]} 22. Bg1 {[%emt 0:00:17]} Qb4 {
[%emt 0:02:16]} 23. a3 {[%emt 0:03:29]} Qa4+ {[%emt 0:00:24]} 24. b3 {
[%emt 0:01:43]} Qxa3 {[%emt 0:00:18]} 25. Ra1 {[%emt 0:00:05]} Qb4 {
[%emt 0:01:02]} 26. Red1 {[%emt 0:00:52]} c5 {[%emt 0:01:08]} 27. Qe3 {
[%emt 0:05:16]} Ne7 {[%emt 0:00:58]} 28. Qxc5+ {[%emt 0:04:05]} Qxc5 {
[%emt 0:00:01]} 29. Bxc5 {[%emt 0:00:02]} Nc6 {[%emt 0:00:13]} 30. Kc3 {
[%emt 0:01:39]} f5 {[%emt 0:00:40]} 31. exf5 {[%emt 0:01:58]} gxf5 {
[%emt 0:00:13]} 32. Bf2 {[%emt 0:03:25]} e4 {[%emt 0:00:31]} 33. Be2 {
[%emt 0:00:28]} Rg8 {[%emt 0:01:27]} 34. Bf1 {[%emt 0:01:01]} f4 {
[%emt 0:00:43]} 35. Bxh4 {[%emt 0:01:15]} Rh7 {[%emt 0:00:56]} 36. Rd6 {
[%emt 0:00:50]} Bd7 {[%emt 0:00:32]} 37. Be1 {[%emt 0:00:30]} Kc7 {
[%emt 0:00:34]} 38. Rf6 {[%emt 0:01:41]} f3 {[%emt 0:00:01]} 39. gxf3 {
[%emt 0:00:15]} Bxh3 {[%emt 0:00:10]} 40. fxe4 {[%emt 0:01:06]} Bxf1 {
[%emt 0:00:07]} 41. Rxf1 {[%emt 0:00:02]} Rh3+ {[%emt 0:00:59]} 42. Kb2 {
[%emt 0:00:35]} Rg2+ {[%emt 0:00:34]} 43. Rf2 {[%emt 0:00:57]} Rg4 {
[%emt 0:00:28]} 44. Rf7+ {[%emt 0:02:45]} Kb8 {[%emt 0:00:01]} 45. Bd2 {
[%emt 0:04:40]} Rh2 {[%emt 0:01:16]} 46. Rd1 {[%emt 0:00:50]} Rxe4 {
[%emt 0:00:04]} 47. Ka3 {[%emt 0:00:17]} Rhh4 {[%emt 0:01:29]} 48. Bg5 {
[%emt 0:01:54]} Rh8 {[%emt 0:00:49]} 49. Rdd7 {[%emt 0:00:37]} Rc8 {
[%emt 0:00:18]} 50. b4 {[%emt 0:01:44]} Rxc4 {[%emt 0:00:21]} 51. Rb7+ {
[%emt 0:00:17]} Ka8 {[%emt 0:00:03]} 52. b5 {[%emt 0:00:06]} Nd8 {
[%emt 0:01:19]} 53. Rxa7+ {[%emt 0:00:28]} Kb8 {[%emt 0:00:01]} 54. Rfd7 {
[%emt 0:00:59]} Rg4 {[%emt 0:00:42]} 55. Bf6 {[%emt 0:00:35]} Rg3+ {
[%emt 0:00:27]} 56. Kb4 {[%emt 0:00:11]} Rg4+ {[%emt 0:00:38]} 57. Ka5 {
[%emt 0:00:16]} Re4 {[%emt 0:00:24]} 58. Be7 {[%emt 0:00:52]} Re6 {
[%emt 0:00:15]} 59. Bh4 {[%emt 0:00:41]} Re3 {[%emt 0:00:41]} 60. Ka6 {
[%emt 0:00:35]} Ra3+ {[%emt 0:00:48]} 61. Kb6 {[%emt 0:00:01]} Rxa7 {
[%emt 0:00:19]} 62. Bg3+ {[%emt 0:00:10]} Rac7 {[%emt 0:00:26]} 63. Bxc7+ {
[%emt 0:00:22]} Ka8 {[%emt 0:00:13]} 64. Rxd8 {[%emt 0:00:18]} Rxd8 {
[%emt 0:00:02]} 65. Bxd8 {[%emt 0:00:08]} Kb8 {[%emt 0:00:03]} 66. Ka6 {
[%emt 0:00:09]} 1-0

[Event "Charlotte Super Swiss"]
[Site "Charlotte USA"]
[Date "2023.07.10"]
[Round "3"]
[White "Karthik, Advaith"]
[Black "Atanasov, Anthony"]
[Result "0-1"]
[WhiteElo "2094"]
[BlackElo "2367"]
[PlyCount "92"]
[EventDate "2023.07.09"]
[EventType "swiss"]
[EventRounds "9"]
[EventCountry "USA"]
[Source "ChessMix"]
[SourceDate "2023.07.20"]

1. Nf3 d5 2. d4 Bf5 3. c4 e6 4. Nc3 c6 5. Qb3 Qb6 6. Bf4 dxc4 7. Qxb6 axb6 8.
e4 Bg6 9. Bxc4 b5 10. Bd3 b4 11. Nb1 Nf6 12. Nbd2 Nbd7 13. Ne5 Nxe5 14. Bxe5
Nd7 15. Bf4 c5 16. Bb5 Ra5 17. Bxd7+ Kxd7 18. Nb3 Ra8 19. Nxc5+ Bxc5 20. dxc5
Bxe4 21. f3 Bd5 22. a3 Ra4 23. Be5 f6 24. Bd6 Rha8 25. O-O b5 26. Rab1 bxa3 27.
bxa3 Kc6 28. Rb4 Rxa3 29. Rfb1 Bc4 30. Kf2 Ra2+ 31. R4b2 b4 32. Ke3 R8a3+ 33.
Kd4 Bd5 34. Rxa2 e5+ 35. Bxe5 fxe5+ 36. Kxe5 Rxa2 37. Rxb4 Rxg2 38. Rh4 h6 39.
Rg4 Bxf3 40. Rxg2 Bxg2 41. Kf5 g5 42. Kg6 Bh3 43. Kxh6 g4 44. Kg5 Kxc5 45. Kf4
Kd4 46. Kg3 Ke3 0-1

[Event "Charlotte Super Swiss"]
[Site "Charlotte USA"]
[Date "2023.07.11"]
[Round "4"]
[White "Atanasov, Anthony"]
[Black "Moradiabadi, Elshan"]
[Result "1/2-1/2"]
[WhiteElo "2367"]
[BlackElo "2522"]
[PlyCount "25"]
[EventDate "2023.07.09"]
[EventType "swiss"]
[EventRounds "9"]
[EventCountry "USA"]
[Source "ChessMix"]
[SourceDate "2023.07.20"]
[TimeControl "5400+30"]

1. d4 {[%emt 0:02:13]} Nf6 {[%emt 0:01:24]} 2. Nf3 {[%emt 0:00:06]} c5 {
[%emt 0:02:27]} 3. d5 {[%emt 0:00:07]} b5 {[%emt 0:00:16]} 4. e4 {
[%emt 0:07:36]} Nxe4 {[%emt 0:00:50]} 5. Bd3 {[%emt 0:00:02]} Nf6 {
[%emt 0:00:09]} 6. Bxb5 {[%emt 0:04:09]} g6 {[%emt 0:02:48]} 7. O-O {
[%emt 0:02:43]} Bg7 {[%emt 0:02:01]} 8. d6 {[%emt 0:08:35]} O-O {[%emt 0:03:42]
} 9. Bf4 {[%emt 0:03:11]} e6 {[%emt 0:01:13]} 10. Nc3 {[%emt 0:02:44]} Bb7 {
[%emt 0:01:30]} 11. Be3 {[%emt 0:05:18]} Na6 {[%emt 0:13:18]} 12. Qe2 {
[%emt 0:02:24]} Qc8 {[%emt 0:00:01]} 13. Ne5 {[%emt 0:02:35]} 1/2-1/2

[Event "Charlotte Super Swiss"]
[Site "Charlotte USA"]
[Date "2023.07.11"]
[Round "5"]
[White "Erenburg, Sergey"]
[Black "Atanasov, Anthony"]
[Result "1/2-1/2"]
[WhiteElo "2559"]
[BlackElo "2367"]
[PlyCount "110"]
[EventDate "2023.07.09"]
[EventType "swiss"]
[EventRounds "9"]
[EventCountry "USA"]
[Source "ChessMix"]
[SourceDate "2023.07.20"]
[TimeControl "5400+30"]

1. e4 {[%emt 0:03:34]} e5 {[%emt 0:00:32]} 2. Nf3 {[%emt 0:00:08]} Nf6 {
[%emt 0:00:04]} 3. Nxe5 {[%emt 0:00:35]} d6 {[%emt 0:00:05]} 4. Nf3 {
[%emt 0:00:02]} Nxe4 {[%emt 0:00:06]} 5. Nc3 {[%emt 0:00:12]} Nxc3 {
[%emt 0:00:14]} 6. dxc3 {[%emt 0:00:04]} Be7 {[%emt 0:00:12]} 7. Bf4 {
[%emt 0:00:31]} Nd7 {[%emt 0:00:15]} 8. Qd2 {[%emt 0:00:33]} O-O {
[%emt 0:00:06]} 9. O-O-O {[%emt 0:00:18]} Re8 {[%emt 0:00:23]} 10. h4 {
[%emt 0:20:23]} h6 {[%emt 0:14:27]} 11. Bc4 {[%emt 0:08:35]} Nf6 {
[%emt 0:16:04]} 12. Rhe1 {[%emt 0:39:03]} d5 {[%emt 0:11:40]} 13. Bxd5 {
[%emt 0:01:19]} Qxd5 {[%emt 0:00:51]} 14. Qxd5 {[%emt 0:00:04]} Nxd5 {
[%emt 0:00:02]} 15. Rxd5 {[%emt 0:00:01]} Bg4 {[%emt 0:04:43]} 16. Rde5 {
[%emt 0:05:36]} Kf8 {[%emt 0:02:01]} 17. Bg3 {[%emt 0:01:19]} Rad8 {
[%emt 0:02:29]} 18. Nd4 {[%emt 0:04:03]} Bd7 {[%emt 0:02:51]} 19. R5e3 {
[%emt 0:04:48]} Rc8 {[%emt 0:02:29]} 20. f3 {[%emt 0:04:40]} Bf6 {
[%emt 0:04:35]} 21. Rxe8+ {[%emt 0:01:24]} Rxe8 {[%emt 0:01:27]} 22. Rxe8+ {
[%emt 0:01:06]} Kxe8 {[%emt 0:00:03]} 23. Bxc7 {[%emt 0:01:09]} Bxh4 {
[%emt 0:00:05]} 24. Be5 {[%emt 0:00:49]} g6 {[%emt 0:02:21]} 25. c4 {
[%emt 0:00:13]} a6 {[%emt 0:01:04]} 26. Kd2 {[%emt 0:00:24]} Bf2 {
[%emt 0:01:06]} 27. Ne2 {[%emt 0:00:35]} h5 {[%emt 0:02:30]} 28. Nc3 {
[%emt 0:00:50]} Bc6 {[%emt 0:01:05]} 29. Ke2 {[%emt 0:01:06]} Bc5 {
[%emt 0:00:25]} 30. a3 {[%emt 0:00:50]} Ke7 {[%emt 0:01:17]} 31. Ne4 {
[%emt 0:01:11]} Bg1 {[%emt 0:08:32]} 32. b4 {[%emt 0:00:22]} f5 {[%emt 0:00:02]
} 33. Ng5 {[%emt 0:00:22]} h4 {[%emt 0:03:03]} 34. Nh3 {[%emt 0:00:31]} Ke6 {
[%emt 0:00:05]} 35. Bf4 {[%emt 0:00:36]} Bd4 {[%emt 0:00:12]} 36. Bg5 {
[%emt 0:00:12]} Bf6 {[%emt 0:01:37]} 37. Ke3 {[%emt 0:00:18]} Bb2 {
[%emt 0:01:15]} 38. Nf4+ {[%emt 0:00:09]} Kf7 {[%emt 0:00:00]} 39. Nd3 {
[%emt 0:00:25]} Bf6 {[%emt 0:03:24]} 40. Bxf6 {[%emt 0:01:09]} Kxf6 {
[%emt 0:00:01]} 41. Nc5 {[%emt 0:00:28]} g5 {[%emt 0:04:52]} 42. a4 {
[%emt 0:00:11]} b6 {[%emt 0:05:07]} 43. Nxa6 {[%emt 0:00:01]} Bxa4 {
[%emt 0:01:27]} 44. c3 {[%emt 0:01:39]} Ke5 {[%emt 0:02:42]} 45. c5 {
[%emt 0:00:06]} bxc5 {[%emt 0:03:26]} 46. Nxc5 {[%emt 0:00:01]} Bb5 {
[%emt 0:00:08]} 47. Nd3+ {[%emt 0:01:26]} Kd5 {[%emt 0:00:38]} 48. f4 {
[%emt 0:00:36]} Bxd3 {[%emt 0:01:17]} 49. Kxd3 {[%emt 0:00:04]} g4 {
[%emt 0:00:01]} 50. c4+ {[%emt 0:00:19]} Kc6 {[%emt 0:00:06]} 51. Ke3 {
[%emt 0:00:45]} Kd6 {[%emt 0:00:17]} 52. Ke2 {[%emt 0:00:27]} Kc6 {
[%emt 0:00:04]} 53. Ke3 {[%emt 0:00:03]} Kd6 {[%emt 0:00:04]} 54. Ke2 {
[%emt 0:00:03]} Kc6 {[%emt 0:00:03]} 55. Ke3 {[%emt 0:00:03]} Kd6 {
[%emt 0:00:31]} 1/2-1/2

[Event "Charlotte Super Swiss"]
[Site "Charlotte USA"]
[Date "2023.07.12"]
[Round "6"]
[White "Atanasov, Anthony"]
[Black "Salinas Herrera, Pablo"]
[Result "0-1"]
[WhiteElo "2367"]
[BlackElo "2468"]
[PlyCount "97"]
[EventDate "2023.07.09"]
[EventType "swiss"]
[EventRounds "9"]
[EventCountry "USA"]
[Source "ChessMix"]
[SourceDate "2023.07.20"]

1. d4 Nf6 2. Nf3 e6 3. Bf4 b6 4. h4 Bb7 5. e3 d6 6. Bd3 Nbd7 7. Nc3 a6 8. e4 c5
9. dxc5 Nxc5 10. Qe2 b5 11. a3 Be7 12. O-O-O Qb6 13. e5 dxe5 14. Nxe5 Rd8 15.
Rh3 Nxd3+ 16. Rhxd3 O-O 17. Bg5 Rxd3 18. Rxd3 Re8 19. Bxf6 Bxf6 20. Nd7 Qd8 21.
Ne4 Bxe4 22. Qxe4 Bxh4 23. g3 Bf6 24. Qc6 Qa8 25. Nxf6+ gxf6 26. Rd6 Qxc6 27.
Rxc6 Ra8 28. b4 f5 29. c4 bxc4 30. Kc2 Kg7 31. Kc3 Kg6 32. Kxc4 f4 33. Kc5 fxg3
34. fxg3 Kg5 35. Kb6 e5 36. Rc4 f5 37. a4 e4 38. Kb7 Re8 39. Kxa6 e3 40. Rc1
Kg4 41. Rc4+ Kg5 42. Rc1 Kg4 43. a5 Kxg3 44. b5 f4 45. b6 f3 46. b7 f2 47. Kb6
e2 48. Rc8 Re6+ 49. Rc6 0-1

[Event "Charlotte Super Swiss"]
[Site "Charlotte USA"]
[Date "2023.07.12"]
[Round "7"]
[White "Stefanov, Emil"]
[Black "Atanasov, Anthony"]
[Result "0-1"]
[WhiteElo "2342"]
[BlackElo "2367"]
[PlyCount "90"]
[EventDate "2023.07.09"]
[EventType "swiss"]
[EventRounds "9"]
[EventCountry "USA"]
[Source "ChessMix"]
[SourceDate "2023.07.20"]

1. d4 Nf6 2. c4 g6 3. Nc3 d5 4. cxd5 Nxd5 5. e4 Nxc3 6. bxc3 Bg7 7. Bc4 c5 8.
Ne2 Nc6 9. Be3 O-O 10. O-O b6 11. Rc1 Bb7 12. Qd2 Qc8 13. Rfd1 Rd8 14. Qb2 Na5
15. Bd3 e5 16. d5 f5 17. c4 Ba6 18. f3 Nb7 19. Nc3 Nd6 20. Qe2 f4 21. Bf2 h5
22. a4 Qc7 23. a5 Bc8 24. Ra1 Bd7 25. Qa2 Rab8 26. axb6 axb6 27. Rdb1 g5 28.
Kh1 Bf6 29. Qb2 Rb7 30. Ra6 Rdb8 31. Qa2 Kf7 32. Bc2 g4 33. Ba4 gxf3 34. gxf3
Bxa4 35. Qxa4 Qc8 36. Kg2 Kg8 37. Kf1 Bh4 38. Qc6 Qh3+ 39. Ke2 Bxf2 40. Qxd6
Bd4 41. Nd1 Qg2+ 42. Ke1 Qxf3 43. Ra7 Qxe4+ 44. Kd2 Qxb1 45. Qe6+ Kg7 0-1